Southville International School and Colleges
Your cart is empty.
  • Cart
  • Lists
    Public lists Eva Luna New books Lux_list list_1
    Your lists Log in to create your own lists
  • Log in to your account
  • Your cookies
  • Search history
Southville International School and Colleges
  • Advanced search
  • Recent comments
  • Most popular
  • Libraries

Log in to your account

Log in with GOOGLE


If you do not have an external account, but do have a local account, you can still log in:

  1. Home
  2. MARC view: Organizing the disorganized child :
Normal view MARC view ISBD view

Organizing the disorganized child : (Record no. 15537)

[ view plain ]
MARC details
000 -LEADER
fixed length control field 03084cam a2200397 a 4500
001 - CONTROL NUMBER
control field 15879462
003 - CONTROL NUMBER IDENTIFIER
control field OSt
005 - DATE AND TIME OF LATEST TRANSACTION
control field 20140310182740.0
008 - FIXED-LENGTH DATA ELEMENTS--GENERAL INFORMATION
fixed length control field 090824s2009 nyua b 000 0 eng
010 ## - LIBRARY OF CONGRESS CONTROL NUMBER
LC control number 2009035192
020 ## - INTERNATIONAL STANDARD BOOK NUMBER
International Standard Book Number 9780061797415 (pbk.)
020 ## - INTERNATIONAL STANDARD BOOK NUMBER
International Standard Book Number 0061797413
035 ## - SYSTEM CONTROL NUMBER
System control number (OCoLC)ocn310399168
040 ## - CATALOGING SOURCE
Original cataloging agency DLC
Transcribing agency DLC
Modifying agency BTCTA
-- GK8
-- YDXCP
-- ORX
-- VP@
-- IHI
-- DLC
050 00 - LIBRARY OF CONGRESS CALL NUMBER
Classification number LB 1601
Item number .K88 2009
100 1# - MAIN ENTRY--PERSONAL NAME
Personal name Kutscher, Martin L.
245 10 - TITLE STATEMENT
Title Organizing the disorganized child :
Remainder of title simple strategies to succeed in school /
Statement of responsibility, etc Martin L. Kutscher and Marcella Moran.
250 ## - EDITION STATEMENT
Edition statement 1st ed.
260 ## - PUBLICATION, DISTRIBUTION, ETC. (IMPRINT)
Place of publication, distribution, etc New York :
Name of publisher, distributor, etc HarperStudio,
Date of publication, distribution, etc 2009.
300 ## - PHYSICAL DESCRIPTION
Extent x, 164 p. :
Other physical details ill. ;
Dimensions 21 cm.
504 ## - BIBLIOGRAPHY, ETC. NOTE
Bibliography, etc Includes bibliographical references (p. [159]-160).
505 0# - FORMATTED CONTENTS NOTE
Formatted contents note How did my child get so disorganized? (and how do I start fixing it?) -- What is my child's organizational style? -- Choosing and setting up the supplies -- Follow the paper trail: getting work home, doing it, and returning it -- Super study skills -- The morning and nighttime routines.
520 ## - SUMMARY, ETC.
Summary, etc "Organizing The Disorganized Child finally answers the parents' question, "How can I help my child get organized without waging a battle?" This essential toolkit for parents and educators factors organizational styles into the equation, and offers effective strategies that deliver amazing long-term results. Renowned ADHD expert Dr. Martin Kutscher and coach Marcella Moran explain the roots of our children's organizational problems, and the parents' role in fixing them. They outline different organizational styles used by different students. (Not all kids organize the same way!) Kutscher and Moran outline exactly what school materials to buy, and how to set up the study area. They provide a step-by-step plan for an organizational system including: - Choose and set up the school supplies best suited to your child - Train your child to get the correct materials to and from school - Improve time management and planning skills - Apply the simple secret of effective learning: always ask questions - Perfect reading, note-taking, and study skills for tests - Refine morning and nighttime routines to help the entire family Organizing the Disorganized Child is an essential toolkit that belongs on every parent's shelf"--Provided by publisher.
521 ## - TARGET AUDIENCE NOTE
Target audience note
650 #0 - SUBJECT ADDED ENTRY--TOPICAL TERM
Topical term or geographic name as entry element Study skills.
650 #0 - SUBJECT ADDED ENTRY--TOPICAL TERM
Topical term or geographic name as entry element Organization.
650 #0 - SUBJECT ADDED ENTRY--TOPICAL TERM
Topical term or geographic name as entry element Planning in children.
700 1# - ADDED ENTRY--PERSONAL NAME
Personal name Moran, Marcella.
856 42 - ELECTRONIC LOCATION AND ACCESS
Materials specified Cover image
Uniform Resource Identifier <a href="www.harpercollins.com/harperimages/isbn/tiff/5/9780061797415.tif">www.harpercollins.com/harperimages/isbn/tiff/5/9780061797415.tif</a>
856 42 - ELECTRONIC LOCATION AND ACCESS
Materials specified Contributor biographical information
Uniform Resource Identifier <a href="http://www.loc.gov/catdir/enhancements/fy1007/2009035192-b.html">http://www.loc.gov/catdir/enhancements/fy1007/2009035192-b.html</a>
856 42 - ELECTRONIC LOCATION AND ACCESS
Materials specified Publisher description
Uniform Resource Identifier <a href="http://www.loc.gov/catdir/enhancements/fy1007/2009035192-d.html">http://www.loc.gov/catdir/enhancements/fy1007/2009035192-d.html</a>
906 ## - LOCAL DATA ELEMENT F, LDF (RLIN)
a 7
b cbc
c orignew
d 1
e ecip
f 20
g y-gencatlg
942 ## - ADDED ENTRY ELEMENTS (KOHA)
Source of classification or shelving scheme Library of Congress Classification
Koha item type Books
Call number prefix Foreign
Holdings
Withdrawn status Lost status Source of classification or shelving scheme Damaged status Home library Current library Shelving location Date acquired Source of acquisition Cost, normal purchase price Total Checkouts Full call number Barcode Date last seen Date checked out Copy number Price effective from Koha item type
    Library of Congress Classification   College Library College Library General Circulation Section 10/11/2011   569.00 1 LB 1601 .K88 2009 C13131 05/15/2018 03/03/2015 1 10/18/2013 Books

Organizing the disorganized child :

APA

Kutscher M. L., Moran M., . (2009). Organizing the disorganized child. New York: HarperStudio.

Chicago

Kutscher Martin L, Moran Marcella, . 2009. Organizing the disorganized child. New York: HarperStudio.

Harvard

Kutscher M. L., Moran M., . (2009). Organizing the disorganized child. New York: HarperStudio.

MLA

Kutscher Martin L, Moran Marcella, . Organizing the disorganized child. New York: HarperStudio. 2009.

  • Place hold
  • Print
  • Cite
  • Add to your cart (remove)
  • Save record
    BIBTEX Dublin Core MARCXML MARC (non-Unicode/MARC-8) MARC (Unicode/UTF-8) MARC (Unicode/UTF-8, Standard) MODS (XML) RIS
  • More searches
    Search for this title in:
    Other Libraries (WorldCat) Other Databases (Google Scholar) Online Stores (Bookfinder.com) Open Library (openlibrary.org)

Exporting to Dublin Core...

SOUTHVILLE LIBRARY

Southville International School and Colleges Library

1281 Tropical Ave. Cor. Luxembourg St., BF Homes International, Las Pinas City

Tel. No. 8256374 / 252358 Loc. 117/146

Powered by Koha